ARRUPE JESUIT UNIVERSITY

CORONAVIRUS -STOP THE SPREAD - CLEAN,DISINFECT,COVER

Foundations in accountancy / ACCA: Business and Technology (FBT/BT) : ACCA approved workbook for exams from 1 September 2021 to 31 August 2022 (Record no. 130618)

MARC details
000 -LEADER
fixed length control field 01250cam a2200301 a 4500
001 - CONTROL NUMBER
control field 177489
003 - CONTROL NUMBER IDENTIFIER
control field ARRUPE
005 - DATE AND TIME OF LATEST TRANSACTION
control field 20210702091055.0
008 - FIXED-LENGTH DATA ELEMENTS--GENERAL INFORMATION
fixed length control field 980922s1998 enka 001 0 eng
010 ## - LIBRARY OF CONGRESS CONTROL NUMBER
LC control number 98200330
020 ## - INTERNATIONAL STANDARD BOOK NUMBER
International Standard Book Number 9781509737611
040 ## - CATALOGING SOURCE
Original cataloging agency DLC
Transcribing agency DLC
Modifying agency DLC
050 00 - LIBRARY OF CONGRESS CALL NUMBER
Classification number HF5661
Item number .F762 2020 F1
300 ## - PHYSICAL DESCRIPTION
Other physical details ill. ;
Dimensions 30 cm.
245 00 - TITLE STATEMENT
Title Foundations in accountancy / ACCA: Business and Technology (FBT/BT) : ACCA approved workbook for exams from 1 September 2021 to 31 August 2022
250 ## - EDITION STATEMENT
Edition statement 1st ed
260 ## - PUBLICATION, DISTRIBUTION, ETC. (IMPRINT)
Place of publication, distribution, etc London :
Name of publisher, distributor, etc BPP Publishing,
Date of publication, distribution, etc 2020
300 ## - PHYSICAL DESCRIPTION
Extent xvi, 395 p. :
490 1# - SERIES STATEMENT
Series statement ACCA Approved workbook
500 ## - GENERAL NOTE
General note Includes index.<br/>Includes Ebook
650 #0 - SUBJECT ADDED ENTRY--TOPICAL TERM
Topical term or geographic name as entry element Business -- Technological innovations -- Examinations -- Study guides
General subdivision Examinations
-- Study guides
9 (RLIN) 50154
650 #0 - SUBJECT ADDED ENTRY--TOPICAL TERM
Topical term or geographic name as entry element Association of Chartered Certified Accountants
General subdivision Examinations
-- Study guides
9 (RLIN) 50155
650 #0 - SUBJECT ADDED ENTRY--TOPICAL TERM
Topical term or geographic name as entry element Accountants
General subdivision Certification
-- Examinations
-- Study guides
9 (RLIN) 50156
710 2# - ADDED ENTRY--CORPORATE NAME
Corporate name or jurisdiction name as entry element ACCA
9 (RLIN) 50157
830 #0 - SERIES ADDED ENTRY--UNIFORM TITLE
Uniform title ACCA Approved workbook
9 (RLIN) 50158
906 ## - LOCAL DATA ELEMENT F, LDF (RLIN)
a 7
b cbc
c orignew
d 2
e ncip
f 19
g y-gencatlg
942 ## - ADDED ENTRY ELEMENTS (KOHA)
Source of classification or shelving scheme Library of Congress Classification
Koha item type Monograph ( Printed materials)
Holdings
Withdrawn status Lost status Source of classification or shelving scheme Damaged status Not for loan Home library Current library Date acquired Total Checkouts Full call number Barcode Date last seen Date checked out Price effective from Koha item type Collection code Shelving location
    Library of Congress Classification     ARRUPE LIBRARY ARRUPE LIBRARY 02/07/2021 3 HF5661 .F762 2020 F1 46600008275 22/04/2024 08/04/2024 02/07/2021 Monograph ( Printed materials)    
    Library of Congress Classification     ARRUPE LIBRARY ARRUPE LIBRARY 02/02/2023   HF5661 .F762 2020 F1 46700001112 02/02/2023   02/02/2023 Monograph ( Printed materials) Main Collection Main Collection

 

Arrupe Library. PO Box MP320 Mt Pleasant, Harare, Zimbabwe
263 242 745411|librarian@aju.ac.zw